000 01079nam a2200253Ia 4500
003 OSt
005 20260324205700.0
008 200515s9999 xx 000 0 und d
040 _aPE SENCICO BE
_cPE SENCICO BE
041 _aspa
082 _a692.5
_bG26 1980
100 1 _aGarcía Ruiz, Gonzalo
_9621
_eautor
245 1 0 _aOrganización de obras /
_cGonzalo García Ruiz
250 _a14a ed.
260 _aBarcelona :
_bediciones CEAC ;
_c1980
300 _a189 páginas :
_bilustraciones, diagramas ;
_c21 cm.
490 _aMonografías CEAC de construcción
505 0 _aOrganización de una obra -- Desarrollo del plan de obra -- Evaluación de un PO -- Exposición de un caso práctico
520 3 _aDirigido a todos los técnicos y obreros destacados del ramo que intentan probar su capacidad organizadora iniciándose como empresarios constructores, pero también de gran utilidad para los arquitectos
650 1 0 _aIndustria de la construcción
_9355
650 2 0 _aPresupuestos de obra
_9369
650 2 0 _aPlanificación empresarial
_9461
942 _cLIB
_2ddc
999 _c1674
_d1674